01055cam a2200253 a 450000100100000000500170001000800410002704000250006804100130009308200150010610000270012124000480014824501430019626000750033930000210041449000180043553400570045365000420051065000620055270000280061483000260064295201180066899900150078600000339520200929150429.0850906s1973 ve b 000 0 spa  aDO-SdBNPbspacBNPHU17aspaheng a809bL917l1 aLowenthal, Leo.91057910aLiterature and the image of man.lEspañol13aLa literatura y la imagen del hombre :bestudios sobre el teatro y la novela europeos, 1600-1900 /cLeo Lowenthal; traductor, Jaime Tello. aVenezuela :bBiblioteca de la Universidad Central de Venezuela,c1973. a310 p. ;c18 cm.1 aTemasvno. 51 aTítulo original:tLiterature and the image of man. 4aLiteratura y sociedadzEuropea910580 4aLiteratura europeaxHistoria y críticaySIGLO XX9105811 aTello, Jaimeetr.94853 0aTemas ;vno. 5199064 001052708MOaGRbGRcCTd2009-07-08iLF1l0o809 L917lp3395-10r2020-06-25w2020-06-25y2ZPréstamo interno c3225d3225